El Dret internacional en la transició cap a una conjuntura postnacional = International law in the transition to a postnational scene / Jürgen Habermas ; traducció: Discobole Discobole
ISBN:
84-9803-102-8
Descripción Física:
56 p. ; 17 cm
Colección:
Breus CCCB
Materias:
Dret internacional -- Congressos
MARC
| LEADER | 00000nam a2200000Ia 4500 | ||
|---|---|---|---|
| 001 | 19663 | ||
| 003 | BGR | ||
| 005 | 20260324180041.0 | ||
| 008 | 160829s2006 xx 000 0 cat d | ||
| 020 | |a 84-9803-102-8 | ||
| 080 | |a M-5-468 | ||
| 100 | |a Habermas, Jürgen |9 27655 | ||
| 245 | |a El Dret internacional en la transició cap a una conjuntura postnacional = International law in the transition to a postnational scene / Jürgen Habermas ; traducció: |b Discobole | ||
| 260 | |a Barcelona : |b Centre de Cultura Contemporània de Barcelona, |c 2006 | ||
| 300 | |a 56 p. ; |c 17 cm | ||
| 490 | |a Breus CCCB | ||
| 590 | |a Text en català i anglès. | ||
| 590 | |a Aquesta conferència va tenir lloc al CCCB el 30 d'octubre de 2003 | ||
| 650 | |a Dret internacional |x Congressos |9 44753 | ||
| 710 | 2 | |a Centre de Cultura Contemporània de Barcelona |9 52510 | |
| 710 | 2 | |a Discobole |9 70712 | |
| 901 | |a Arxiu | ||
| 942 | |n 1 |2 udc |c MON | ||
| 952 | |0 0 |1 0 |4 0 |6 M5468 |7 1 |9 52155 |a Arxiu |b Arxiu |d 2016-12-01 |l 0 |o M-5-468 |p 19663 |r 2016-12-01 00:00:00 |w 2016-12-01 |y ARXIU | ||
| 999 | |c 56003 |d 56003 | ||